000 00503nam a2200193 a 4500
001 1766559794041
003 YourLibrary
005 20251224123435.0
008 251224s2010##################000#0#eng##
020 _a9781433805349
082 0 4 _a616.86
_bKAS
100 1 _aKassel, Jon D.,
_eauthor.
245 1 0 _aSubstance Abuse and Emotion :
260 _bAmer Psychological Assn,
_c2010.
300 _a297 pages
650 0 _aMedical.
942 _cENGLISH
040 _aYourLibrary
_beng
_cYourLibrary
999 _c604426
_d604426